<?xml version="1.0" encoding="UTF-8"?>
<record
    xmlns:xsi="http://www.w3.org/2001/XMLSchema-instance"
    xsi:schemaLocation="http://www.loc.gov/MARC21/slim http://www.loc.gov/standards/marcxml/schema/MARC21slim.xsd"
    xmlns="http://www.loc.gov/MARC21/slim">

  <leader>00562cam a22002052i 4500</leader>
  <controlfield tag="001">978-626-98805-4-6</controlfield>
  <controlfield tag="003">YEEZEN</controlfield>
  <controlfield tag="005">20250313153042.0</controlfield>
  <controlfield tag="008">241011s2024    ch     e      000 0 chi d</controlfield>
  <datafield tag="020" ind1=" " ind2=" ">
    <subfield code="a">9786269880546</subfield>
    <subfield code="q">(&#x5E73;&#x88DD;) :</subfield>
    <subfield code="c">NT$600</subfield>
  </datafield>
  <datafield tag="040" ind1=" " ind2=" ">
    <subfield code="a">ISBN</subfield>
    <subfield code="b">chi</subfield>
    <subfield code="c">ISBN</subfield>
  </datafield>
  <datafield tag="042" ind1=" " ind2=" ">
    <subfield code="a">nbic</subfield>
  </datafield>
  <datafield tag="050" ind1=" " ind2=" ">
    <subfield code="a">415.85</subfield>
  </datafield>
  <datafield tag="082" ind1=" " ind2=" ">
    <subfield code="a">415.85</subfield>
  </datafield>
  <datafield tag="245" ind1="1" ind2="0">
    <subfield code="a">&#x53F0;&#x7063;RCA 2.0&#x6839;&#x672C;&#x539F;&#x56E0;&#x5206;&#x6790;&#x624B;&#x518A; /</subfield>
    <subfield code="c">&#x738B;&#x8208;&#x4E2D;, &#x5442;&#x7ACB;, &#x5433;&#x6C38;&#x9686;, &#x6D2A;&#x8056;&#x60E0;&#x4F5C;</subfield>
  </datafield>
  <datafield tag="250" ind1=" " ind2=" ">
    <subfield code="a">&#x521D;&#x7248;</subfield>
  </datafield>
  <datafield tag="260" ind1=" " ind2=" ">
    <subfield code="a">&#x65B0;&#x5317;&#x5E02; :</subfield>
    <subfield code="b">&#x91AB;&#x7B56;&#x6703;, </subfield>
    <subfield code="c">2025.01</subfield>
  </datafield>
  <datafield tag="300" ind1=" " ind2=" ">
    <subfield code="a">&#x9762; ;</subfield>
    <subfield code="c">&#x516C;&#x5206;</subfield>
  </datafield>
  <datafield tag="942" ind1=" " ind2=" ">
    <subfield code="2">ccl</subfield>
    <subfield code="c">BOOK</subfield>
  </datafield>
  <datafield tag="999" ind1=" " ind2=" ">
    <subfield code="c">7636</subfield>
    <subfield code="d">7636</subfield>
  </datafield>
  <datafield tag="952" ind1=" " ind2=" ">
    <subfield code="0">0</subfield>
    <subfield code="1">0</subfield>
    <subfield code="2">ccl</subfield>
    <subfield code="4">0</subfield>
    <subfield code="7">0</subfield>
    <subfield code="a">yeezen</subfield>
    <subfield code="b">yeezen</subfield>
    <subfield code="c">YEEZEN</subfield>
    <subfield code="d">2025-03-13</subfield>
    <subfield code="l">0</subfield>
    <subfield code="o">415.85</subfield>
    <subfield code="p">C03220</subfield>
    <subfield code="r">2025-03-13 00:00:00</subfield>
    <subfield code="w">2025-03-13</subfield>
    <subfield code="y">BOOK</subfield>
    <subfield code="z">&#x8FD1;&#x5E7E;&#x5E74;&#x570B;&#x969B;&#x4E0A;&#x4EE5;&#x53CA;&#x91AB;&#x7642;&#x754C;&#x5DF2;&#x8A8D;&#x540C;RCA&#x662F;&#x63D0;&#x5347;&#x75C5;&#x4EBA;&#x5B89;&#x5168;&#x4E2D;&#x91CD;&#x8981;&#x65B9;&#x6CD5;&#x4E4B;&#x4E00;,&#x4EA6;&#x76F8;&#x7E7C;&#x63D0;&#x51FA;&#x624B;&#x6CD5;&#x6559;&#x5B78;&#x4EE5;&#x53CA;&#x56DE;&#x994B;&#x884C;&#x52D5;&#x3002;&#x570B;&#x5167;&#x81EA;92&#x5E74;&#x8D77;&#x5373;&#x5C07;RCA&#x624B;&#x6CD5;&#x7D0D;&#x5165;&#x75C5;&#x4EBA;&#x5B89;&#x5168;&#x8A08;&#x756B;&#x63A8;&#x52D5;&#x4E2D;,&#x57F7;&#x884C;&#x4E8C;&#x5341;&#x5E74;&#x591A;&#x4F86;,&#x5F9E;&#x91AB;&#x7642;&#x6A5F;&#x69CB;&#x5BE6;&#x969B;&#x63A8;&#x884C;&#x6839;&#x672C;&#x539F;&#x56E0;&#x624B;&#x6CD5;&#x4E2D;&#x767C;&#x73FE;,&#x6700;&#x5927;&#x7684;&#x56F0;&#x96E3;&#x70BA;&#x8ABF;&#x67E5;&#x54E1;&#x7684;&#x57F9;&#x8A13;&#x4E0D;&#x6613;,&#x4EBA;&#x54E1;&#x9664;&#x4E86;&#x9808;&#x5177;&#x5099;&#x76F8;&#x95DC;&#x91AB;&#x7642;&#x80CC;&#x666F;&#x5916;,&#x9700;&#x8981;&#x5177;&#x5099;RCA&#x624B;&#x6CD5;&#x7684;&#x5C08;&#x696D;&#x77E5;&#x8B58;&#x4E26;&#x900F;&#x904E;&#x5BE6;&#x52D9;&#x7DF4;&#x7FD2;&#x4F86;&#x7D2F;&#x7A4D;&#x7D93;&#x9A57;&#x3002;</subfield>
  </datafield>
</record>
